000 00266nam a2200109 a 4500
005 20140513081056.0
008 070202s19uu xx 00 eng d
050 _aP
_bFOR 2006
245 _aForce and motion.
260 _bMabuhay Educational,
_c2006.
999 _c116516
_d116516